LEADER 01234nam0-2200313---450- 001 990009444530403321 005 20111007123626.0 035 $a000944453 035 $aFED01000944453 035 $a(Aleph)000944453FED01 035 $a000944453 100 $a20111007d1799----km-y0itay50------ba 101 0 $afre 200 1 $aRecueil de cartes géographiques, plans, vues et médailles de l'ancienne Grece, relatifs au Voyage du jeune Anacharsis; précédé d'une analyse critique des cartes 205 $anouvelle édition 210 $aA Paris$cde l'imprimerie de Didot jeune$dl'an septième [1799] 215 $a110 p.$c38 fogli di tavole$d26 cm 300 $aRitratto dell'abate J.J. Barthélemy 422 0$1001000510262 676 $a911.3$zita 700 1$aBarthélemy,$bJean-Jacques$f<1716-1795>$0273522 701 1$aBarbiè du Bocage,$bJean Denise$0513230 801 0$aIT$bUNINA$gRICA$2UNIMARC 901 $aAQ 912 $a990009444530403321 952 $aSG 900/B 8 (8)$bSc. di Mag.$fFLFBC 959 $aFLFBC 996 $aRecueil de cartes géographiques, plans, vues et médailles de l'ancienne Grece, relatifs au Voyage du jeune Anacharsis; précédé d'une analyse critique des cartes$9760674 997 $aUNINA LEADER 05335nam 2200661 450 001 9910460931403321 005 20200917021826.0 010 $a1-78560-378-7 035 $a(CKB)3710000000552021 035 $a(EBL)4339895 035 $a(SSID)ssj0001634386 035 $a(PQKBManifestationID)16386467 035 $a(PQKBTitleCode)TC0001634386 035 $a(PQKBWorkID)14950250 035 $a(PQKB)11044090 035 $a(MiAaPQ)EBC4339895 035 $a(Au-PeEL)EBL4339895 035 $a(CaPaEBR)ebr11146866 035 $a(CaONFJC)MIL884168 035 $a(OCoLC)936880521 035 $a(EXLCZ)993710000000552021 100 $a20160209h20152015 uy 0 101 0 $aeng 135 $aurcnu|||||||| 181 $ctxt 182 $cc 183 $acr 200 00$aAdvances in the economic analysis of participatory & labor-managed firms /$fedited by Antti Kauhanen 205 $aFirst edition. 210 1$aBingley, England :$cEmerald,$d2015. 210 4$d©2015 215 $a1 online resource (292 p.) 225 1 $aAdvances in the Economic Analysis of Participatory & Labor-Managed Firms,$x0885-3339 ;$vVolume 16 300 $aDescription based upon print version of record. 311 $a1-78560-379-5 320 $aIncludes bibliographical references at the end of each chapters. 327 $aFront Cover; Advances in the Economic Analysis of Participatory & Labor-Managed Firms; Copyright page; Contents; List of Contributors; Foreword; Editor's Introduction; Alternative Organizational Forms; Participatory Human Resource Practices; On the Entry of Employee-Owned Firms: Theory and Evidence from U.S. Manufacturing Industries, 1870-1960; Introduction; Formation and Choice of Organizational Form; Assumptions Underlying the Model; Decision-Making of Potential Cooperators; Costs of Information and Association and the Possibility of Market Failure; Institutions and the Data on PCs 327 $aEmpirical Analysis and Results Discussion of Empirical Results; Conclusions; Notes; Acknowledgments; References; Appendix; How to Start an Employee-owned Industrial Company and Survive for 35 Years; Introduction; The Impossibility of Employee Ownership; Degeneration Tendencies toward Traditional Ownership; Employee Ownership as a Historical Parenthesis; The Employee Takeover of Ljuders Nickelsilfverfabrik; The Effects of the Employee Takeover; The Legitimizing Leadership; The Possibility of Employee Ownership; Changes Take Time; Pride in the Collective 327 $aA Recipe for a Successful Employee Takeover and Ownership Acknowledgments; References; Motivations for Establishing Cooperative Companies in the Performing Arts: A European Perspective; Introduction; The Economic Context of Performing Arts in Europe; Why Must Collective Firms be Established? Insights from the Literature; Methodology of the Research; Sampling; Data Collection; Collection Protocol; Semi-Directive Interviews; Data Structure; Analysis and Validity of Data; Results and Discussion; Influence of the Instrumental Motive; A Dominant Economics Logic; Complementary Non-Economics Logics 327 $aDiscussion Influence of the Ideological Motive; Shared Artistic and Ideological Values; Image and Militancy; Discussion; Contextual Influence; Complementary Results and Comments; Does the Dominant Type of Motivation Influence the Success of Collective Projects?; Dominant Motivation Type and Type of Organization; Concluding Remarks; Notes; Acknowledgements; References; Organizational Structure and Performance in European Banks: A Reassessment; Introduction; Conceptual Framework; Existing Empirical Evidence; The Data; Empirical Approach and Summary Statistics; Regression Results 327 $aBaseline Results Robustness Checks; Conclusions; Notes; Acknowledgments; References; Appendix: Data Changes; Formal Organizational Power and Innovation: From a Principal-Agent to an Institutionalist View; Introduction; Formal Organizational Power: Ownership and Governance; Innovation Efforts as a Key Feature of Innovation; Extant Views on Formal Power and Innovation: Micro-Level Views; An Institutionalist View of Formal Power and Innovation; MONDRAGON and Cases with the extreme Case; Background and Institutional Environment; Cases of Capital-Intensive Innovation 327 $aCompany A: A Success Case of Capital-Intensive Innovation 330 $aThe articles in this volume offer stimulating research on the relationship among business cycles, participatory and labor-managed organizations, and employee voice. These contributions take various theoretical and empirical approaches and investigate many industries and countries, thus offering a balanced view on these current topics. 410 0$aAdvances in the economic analysis of participatory and labor-managed firms ;$vVolume 16. 606 $aManagement$xEmployee participation 606 $aEmployee empowerment 608 $aElectronic books. 615 0$aManagement$xEmployee participation. 615 0$aEmployee empowerment. 676 $a658.3152 702 $aKauhanen$b Antti 801 0$bMiAaPQ 801 1$bMiAaPQ 801 2$bMiAaPQ 906 $aBOOK 912 $a9910460931403321 996 $aAdvances in the economic analysis of participatory & labor-managed firms$92264832 997 $aUNINA LEADER 04746nam 2200733Ia 450 001 9910139746603321 005 20230725054255.0 010 $a1-283-33757-6 010 $a9786613337573 010 $a1-118-09526-X 010 $a1-118-17264-7 035 $a(CKB)2550000000072857 035 $a(EBL)697388 035 $a(OCoLC)768731706 035 $a(SSID)ssj0000611246 035 $a(PQKBManifestationID)11391634 035 $a(PQKBTitleCode)TC0000611246 035 $a(PQKBWorkID)10645450 035 $a(PQKB)11002830 035 $a(MiAaPQ)EBC697388 035 $a(Au-PeEL)EBL697388 035 $a(CaPaEBR)ebr10515863 035 $a(CaONFJC)MIL333757 035 $a(EXLCZ)992550000000072857 100 $a20090825d2011 uy 0 101 0 $aeng 135 $aur|n|---||||| 181 $ctxt 182 $cc 183 $acr 200 10$aAdvances in bioceramics and porous ceramics$b[electronic resource] $ea collection of papers presented at the 35th International Conference on Advanced Ceramics and Composites, January 18-23, 2011, Daytona Beach, Florida$hIV /$fedited by Roger narayan, Paolo Colombo 210 $aHoboken, NJ $cJohn Wiley ;$aChichester $cJohn Wiley [distributor]$dc2011 215 $a1 online resource (226 p.) 225 1 $aCeramic Engineering and Science Proceedings 300 $aDescription based upon print version of record. 311 $a1-118-05991-3 320 $aIncludes bibliographical references and author index. 327 $aAdvances in Bioceramics and Porous Ceramics IV: Ceramic Engineering and Science Proceedings; Contents; Preface; Introduction; BIOCERAMICS; Fabrication of Hydroxyapatite-Calcite Nanocomposite; Preparation and Protein Adsorption of Silica-Based Composite Particles for Blood Purification Therapy; Collagen-Templated Sol-Gel Preparation of Ultra-Fine Silica Nanotube Mats and Osteoblastic Cell Proliferation; Tissue Ingrowth in Resorbable Porous Tissue Scaffolds; Selective Laser Sintered Ca-P/PHBV Nanocomposite Scaffolds with Sustained Release of rhBMP-2 for Bone Tissue Engineering 327 $aMicrobeam X-Ray Grain Averaged Residual Stress in Dental CeramicsBioactive Glass Scaffolds for the Repair of Load-Bearing Bones; Do Cell Culture Solutions Transform Brushite (CaHPO42H2O) to Octacalcium Phosphate (Ca8(HPO4)2(PO4)45H2O)?; Hydroxyapatite Scaffolds for Bone Tissue Engineering with Controlled Porosity and Mechanical Strength; Hollow Hydroxyapatite Microspheres for Controlled Delivery of Proteins; Expression of Mineralized Tissue-Associated Proteins is Highly Upregulated in MC3T3-E1 Osteoblasts Grown on a Borosilicate Glass Substrate; POROUS CERAMICS 327 $aHigh Porosity In Situ Catalyzed Carbon Honeycombs for Mercury Capture in Coal Fired Power PlantsNot All Microcracks are Born Equal: Thermal vs. Mechanical Microcracking in Porous Ceramics; SiC Foams for High Temperature Applications; Porous SiC Ceramic from Wood Charcoal; Fabrication of Beta-Cristobalite Porous Material from Diatomite with Some Impurities; Microstructural Study of Alumina Porous Ceramic Produced by Reaction Bonding of Aluminium Powder Mixed with Corn Starch; Characterization of Ceramic Powders during Compaction using Electrical Measurements; Author Index 330 $aThis book is a collection of papers from The American Ceramic Society's 35th International Conference on Advanced Ceramics and Composites, held in Daytona Beach, Florida, January 23-28, 2011. This issue includes papers presented in the Next Generation Bioceramics and Porous Ceramics Symposia on topics such as Advanced Processing of Bioceramics; In Vitro and In Vivo Characterization of Bioceramics; Medical and Dental Applications of Bioceramics; Porous Bioceramics; Structure and Properties of Porous Ceramics; and Processing Methods of Porous Ceramics. 410 0$aCeramic Engineering and Science Proceedings 606 $aBiomedical materials$vCongresses 606 $aCeramics in medicine$vCongresses 606 $aPorous materials$vCongresses 606 $aCeramic materials$vCongresses 606 $aComposite materials$vCongresses 615 0$aBiomedical materials 615 0$aCeramics in medicine 615 0$aPorous materials 615 0$aCeramic materials 615 0$aComposite materials 676 $a610.284 701 $aNarayan$b Roger$0883820 701 $aColombo$b Paolo$f1960-$0313281 712 02$aAmerican Ceramic Society. 712 12$aInternational Conference on Advanced Ceramics and Composites 801 0$bMiAaPQ 801 1$bMiAaPQ 801 2$bMiAaPQ 906 $aBOOK 912 $a9910139746603321 996 $aAdvances in bioceramics and porous ceramics$92125174 997 $aUNINA